Central Library OPAC University of Rajshahi

ভারতীয় সংস্কৃতিতে ইসলামের প্রভাব / (Record no. 46915)

MARC details
000 -LEADER
fixed length control field 00906nam a22002417a 4500
001 - CONTROL NUMBER
control field 46915
003 - CONTROL NUMBER IDENTIFIER
rucl marc code BD-RjUL
005 - DATE AND TIME OF LATEST TRANSACTION
control field 20211209054229.0
008 - FIXED-LENGTH DATA ELEMENTS--GENERAL INFORMATION
fixed length control field 160806s1999 bg ||||| |||| 00| 0 ben d
020 ## - INTERNATIONAL STANDARD BOOK NUMBER
International Standard Book Number 9840739778
Terms of availability : TK 110.00
035 ## - SYSTEM CONTROL NUMBER
System control number (BD-RjUL)47034
040 ## - CATALOGING SOURCE
Original cataloging agency BD-RjUL
Language of cataloging ben
Transcribing agency BD-RjUL
041 ## - LANGUAGE CODE
Language code of text/sound track or separate title ben
082 ## - DEWEY DECIMAL CLASSIFICATION NUMBER
Edition number 23
Classification number 297.0954
Author mark and year TAV 1999
100 ## - MAIN ENTRY--PERSONAL NAME
Personal name তারাচাদ
9 (RLIN) 142910
245 10 - TITLE STATEMENT
Title ভারতীয় সংস্কৃতিতে ইসলামের প্রভাব /
Statement of responsibility, etc. তারাচাদ
260 ## - PUBLICATION, DISTRIBUTION, ETC. (IMPRINT)
Place of publication, distribution, etc. ঢাকা :
Name of publisher, distributor, etc. বাংলা একাডেমী,
Date of publication, distribution, etc. ১৯৯৯
300 ## - PHYSICAL DESCRIPTION
Pagination [১৪], ১৮৮ পৃ. ;
Size ২১ সেমি.
650 ## - SUBJECT ADDED ENTRY--TOPICAL TERM
Topical term or geographic name as entry element ইসলাম
Geographic subdivision ভারত
9 (RLIN) 142911
Topical term or geographic name as entry element Islam
Geographic subdivision India
9 (RLIN) 139058
700 ## - ADDED ENTRY--PERSONAL NAME
Personal name গোস্বামী, করুণাময়, অনুবাদ
942 ## - ADDED ENTRY ELEMENTS (KOHA)
Source of classification or shelving scheme Dewey Decimal Classification
Koha item type Books
Holdings
Lost status Source of classification or shelving scheme Damaged status Not for loan Collection code Permanent Location Current Location Shelving location Date acquired Source of acquisition Cost, normal purchase price Total Checkouts Full call number Date last seen Copy number Koha item type
  Dewey Decimal Classification     Non-fiction Central Library, University of Rajshahi Central Library, University of Rajshahi   09/06/2011 Bangla Academy, dhaka 110.00   B 297.0954 TAV 1999 06/08/2016 C-2 Books
  Dewey Decimal Classification     Non-fiction Central Library, University of Rajshahi Central Library, University of Rajshahi   01/08/1995 Hiramoni , Dhaka 55.00   B 297.0954 TAV 1999 22/12/2020 C-3 Books